Insulin: (Record no. 5273)

MARC details
000 -LEADER
fixed length control field 00551nam a22001937a 4500
003 - CONTROL NUMBER IDENTIFIER
control field OSt
005 - DATE AND TIME OF LATEST TRANSACTION
control field 20160922131632.0
008 - FIXED-LENGTH DATA ELEMENTS--GENERAL INFORMATION
fixed length control field 160922b xxu||||| |||| 00| 0 eng d
020 ## - INTERNATIONAL STANDARD BOOK NUMBER
International Standard Book Number 0199632294
040 ## - CATALOGING SOURCE
Transcribing agency DDC.
082 ## - DEWEY DECIMAL CLASSIFICATION NUMBER
Classification number WK820I159 1992.
100 ## - MAIN ENTRY--PERSONAL NAME
Personal name Edited by Ashcroft,F.M;Ashcroft,S.J.H;
9 (RLIN) 11100
245 ## - TITLE STATEMENT
Title Insulin:
Remainder of title Molecular Biology to Pathology.
260 ## - PUBLICATION, DISTRIBUTION, ETC. (IMPRINT)
Place of publication, distribution, etc. Oxford;
Name of publisher, distributor, etc. IRL Press.
Date of publication, distribution, etc. 1992.
300 ## - PHYSICAL DESCRIPTION
Extent xviii,421p;
Other physical details ill;
Dimensions 25cm,
504 ## - BIBLIOGRAPHY, ETC. NOTE
Bibliography, etc includes References ,Glossary and Index,
650 ## - SUBJECT ADDED ENTRY--TOPICAL TERM
Topical term or geographic name as entry element Insulin.
9 (RLIN) 11101
942 ## - ADDED ENTRY ELEMENTS (KOHA)
Source of classification or shelving scheme Other/Generic Classification Scheme
Koha item type Open Shelf
Holdings
Withdrawn status Lost status Source of classification or shelving scheme Damaged status Not for loan Home library Current library Date acquired Source of acquisition Inventory number Total Checkouts Full call number Barcode Date last seen Koha item type
    Other/Generic Classification Scheme     MUST Main Library MUST Main Library 22/09/2016   97/10238   WK820I159 1992. 2016-4461 22/09/2016 Open Shelf
    Other/Generic Classification Scheme     MUST Main Library MUST Main Library 22/09/2016   97/10236   WK820I159 1992. 2016-4462 22/09/2016 Open Shelf
    Other/Generic Classification Scheme     MUST Main Library MUST Main Library 22/09/2016   97/10240   WK820I159 1992. 2016-4463 22/09/2016 Open Shelf
    Other/Generic Classification Scheme     MUST Main Library MUST Main Library 22/09/2016   97/10235   WK820I159 1992. 2016-4464 22/09/2016 Open Shelf
    Other/Generic Classification Scheme     MUST Main Library MUST Main Library 22/09/2016   97/10237   WK820I159 1992. 2016-4465 22/09/2016 Open Shelf
    Other/Generic Classification Scheme     MUST Main Library MUST Main Library 22/09/2016   97/10239   WK820I159 1992. 2016-4466 22/09/2016 Open Shelf